Old Testament Handbook : (Record no. 1654)

MARC details
000 -LEADER
fixed length control field 00482nam a22001577a 4500
003 - CONTROL NUMBER IDENTIFIER
control field OSt
005 - DATE AND TIME OF LATEST TRANSACTION
control field 20180919130005.0
008 - FIXED-LENGTH DATA ELEMENTS--GENERAL INFORMATION
fixed length control field 180919b ||||| |||| 00| 0 eng d
040 ## - CATALOGING SOURCE
Transcribing agency DLC
082 ## - DEWEY DECIMAL CLASSIFICATION NUMBER
Classification number REF 202
Item number W899O
245 ## - TITLE STATEMENT
Title Old Testament Handbook :
Remainder of title A Companion Piece For The Audio or Video Tape Series /
Statement of responsibility, etc. Woodward, Dick
260 ## - PUBLICATION, DISTRIBUTION, ETC.
Place of publication, distribution, etc. Hampton, USA :
Name of publisher, distributor, etc. International Cooperating Ministries,
Date of publication, distribution, etc. c1995.
300 ## - PHYSICAL DESCRIPTION
Extent 736 p.:
630 ## - SUBJECT ADDED ENTRY--UNIFORM TITLE
Uniform title Old Testament Commentry
942 ## - ADDED ENTRY ELEMENTS (KOHA)
Source of classification or shelving scheme Dewey Decimal Classification
Koha item type Reference
Holdings
Withdrawn status Lost status Source of classification or shelving scheme Damaged status Not for loan Collection code Home library Current library Shelving location Date acquired Total Checkouts Full call number Barcode Date last seen Price effective from Koha item type
    Dewey Decimal Classification   Not For Loan Reference Harvest Mission College Harvest Mission College Reference 19.09.2018   REF 202 W899O 000337 19.09.2018 19.09.2018 Reference
    Dewey Decimal Classification     Reference Harvest Mission College Harvest Mission College Reference 08.04.2026   REF 202 W899O 013416 08.04.2026 08.04.2026 Reference

OPAC Designed and Maintained by HMC Library Team.
Copyright © HMC Library,Greater Noida, UP.
For any Suggestions/Query Contact library via Email:libhmc@gmail.com